Lahav II : Households and the use of domestic space at iron II Tell Halif : an archaeology of destruction /

محفوظ في:

المؤلف الرئيسي: Hardin, James Walker, 1964- (مؤلف)

مؤلف مشترك: Cobb Institute of Archaeology

التنسيق: كتاب

اللغة: English

منشور في: Winona Lake, Ind. : Eisenbrauns, 2010.

سلاسل: Reports of the Lahav Research Project Excavations at Tell Halif, Israel ; 2.

الموضوعات:

الوسوم: إضافة وسم

لا توجد وسوم, كن أول من يضع وسما على هذه التسجيلة!

رقم الطلب: DS110 .H283 L34 v.2

LEADER 01096namaa2200277 4500
003 OSt
005 20260224094620.0
008 130303s2010 inuab b 000 0 eng d
020 |a 9781575061634 
040 |c ARCE Library 
043 |a a-is--- 
050 4 |a DS110 .H283 L34 v.2 
100 1 |a Hardin, James Walker,   |d 1964-,   |e author  |9 31558 
245 1 0 |a Lahav II :  |b Households and the use of domestic space at iron II Tell Halif : an archaeology of destruction /  |c James Walker Hardin. 
264 1 |a Winona Lake, Ind. :  |b Eisenbrauns,  |c 2010. 
300 |a xviii, 286 pages :  |b illustrations, maps ;  |c 29 cm. 
490 1 |a Reports of the Lahav Research Project Excavations at Tell Halif, Israel ;   |v 2. 
504 |a Includes bibliograhical references. 
650 0 |a Excavations (Archaeology)   |z Israel   |z Ḥalif Site. 
651 0 |a Ḥalif Site (Israel)  |9 15823 
651 0 |a Israel  |x Antiquities. 
710 2 |a Cobb Institute of Archaeology,  |9 21737 
830 0 |a Reports of the Lahav Research Project Excavations at Tell Halif, Israel ;  |v 2. 
901 |a reviewed 
942 |c BK  |2 lcc 
999 |c 8928  |d 8928